Score 0/18 Timer 04:00
2 Plays Today
Scrambled Nickname Unscrambled Nickname % Correct
ABYBAY
97.4%
MEGGEM
96.9%
RAT EHLETAR HEEL
90.6%
DRANG NOCYANGRAND CANYON
87.8%
SINUSHENSUNSHINE
83.1%
NEGER UNIONMATGREEN MOUNTAIN
74.1%
HUNKSCORERCORNHUSKER
72.5%
UNITMOANMOUNTAIN
72.1%
YAKWHEEHAWKEYE
68.2%
Scrambled Nickname Unscrambled Nickname % Correct
ORNOSESOONER
63%
DANGERGARDEN
58.8%
UNTOREVELVOLUNTEER
52.1%
CANOEOCEAN
46.6%
NORWEEVILWOLVERINE
40.3%
TENGUMNUTMEG
31.3%
TENINLANCECENTENNIAL
27.8%
APENCILPELICAN
24.8%
ANIMALGOMAGNOLIA
20.8%

You're not logged in!

Compare scores with friends on all Sporcle quizzes.
OR
Log In

Sporcle TV

Today on Sporcle TV


Watch our educational content, quiz creation guides, and fun videos on Sporcle TV.

Show Comments

Extras

Top Quizzes Today


Score Distribution

Your Account Isn't Verified!

In order to create a playlist on Sporcle, you need to verify the email address you used during registration. Go to your Sporcle Settings to finish the process.

Report this User

Report this user for behavior that violates our Community Guidelines.

Details: